00594 2200229 4500001002100000005001700021008004100038035002400079082001100103090001800114100001700132245005600149250001100205260003200216300003000248650002000278850001500298980001500313985000600328999001500334999001500349YOGYA-0209000002275820090227023714.0 ind  0010-020900000022758 a331.25 a331.25bSum H aSUMA'MUR P.K aHigene perusahaan dan kesehatan kerjacSuma'mur P.K aCet. 2 aJakartabGunung Agungc1976 axii, 321 hlmbilusc24 cm aKesehatan kerja aYOPDYOG(B) a01-27-2007 a2 a06A0015371 a06A0015372